[Event "Finik op"]
[Site "Finik"]
[Date "2017.06.12"]
[Round "4"]
[White "Oktaroglu, Sila"]
[Black "Sozen, Abdullah"]
[Result "0-1"]
[WhiteElo "1235"]
[BlackElo "1657"]
[PlyCount "130"]
[EventDate "2017.06.10"]
[EventType "swiss"]
[EventRounds "7"]
[EventCountry "TUR"]
[SourceTitle "EXT 2018"]
[Source "ChessBase"]
[SourceDate "2017.10.13"]
[SourceVersion "1"]
[SourceVersionDate "2017.10.13"]
[SourceQuality "1"]

1. e4 e5 2. Nf3 Nf6 3. Nc3 Bb4 4. d3 Nc6 5. Bd2 d5 6. exd5 Nxd5 7. Ne4 Bxd2+ 8. Qxd2 0-0 9. Be2 Nf4 10. 0-0 Bg4 11. h3 Nxe2+ 12. Qxe2 Nd4 13. Qd1 Nxf3+ 14. gxf3 Bxh3 15. Re1 f5 16. Ng3 Rf6 17. Rxe5 f4 18. Rh5 Rh6 19. Rxh6 gxh6 20. Ne4 Kh8 21. Qd2 Qg8+ 22. Ng3 fxg3 23. Qc3+ Qg7 24. fxg3 Qxc3 25. bxc3 Bd7 26. Rb1 Bc6 27. Kf2 Rf8 28. f4 Kg7 29. c4 Rf5 30. Ke3 Ra5 31. Rb2 b5 32. c5 Bd5 33. a3 c6 34. Rb1 Rxa3 35. Kd4 a5 36. Ke5 Rc3 37. Rb2 a4 38. Kd4 Ra3 39. c4 bxc4 40. dxc4 Bf3 41. Rb7+ Kg6 42. Re7 h5 43. Re5 Rb3 44. Rg5+ Kf6 45. Re5 Bd1 46. f5 a3 47. Re6+ Kxf5 48. Rxc6 Rb4 49. Ra6 Ra4 50. Rxa4 Bxa4 51. Kc3 Kg4 52. c6 Bxc6 53. Kb3 Kxg3 54. Kxa3 h4 55. Kb4 h3 56. Kc5 Bg2 57. Kd6 h2 58. c5 h1Q 59. Kd7 Bb7 60. Kd6 Kf4 61. Ke6 Qh6+ 62. Kd7 Ke5 63. c6 Qd6+ 64. Ke8 Kf6 65. c7 Qe7# 0-1